VYUŽIME KAŽDÝ VHODNÝ POZEMOK!

Bibliographic Details
Main Author: Nízky, Ireneus (Author)
Format: Article
Language:Slovak

MARC

LEADER 00000nab a2200000ua 4500
001 vtls010784130
003 SK-MaSNL
005 20260303120226.0
008 230131s1970 xo |||||||||||||||||slo|
035 |a (urnnbn)urn:nbn:sk:snk:ar-a005kc 
035 |a (uuid)c60061f4-7bbe-4a38-99ae-237d219465ff 
035 |a urn:nbn:sk:snk-ab50te 
040 |a SNKBUCL  |b slo  |c SNKBUCL  |e AACR2 
041 0 |a slo 
044 |a xo  |c SK 
100 1 |a Nízky, Ireneus  |4 aut  |9 1125535 
245 1 0 |a VYUŽIME KAŽDÝ VHODNÝ POZEMOK!  |c Ireneus Nízky 
773 0 |t Včelár : odborný časopis Povereníctva poľnohospodárstva a lesného hospodárstva a Ústredia včelárskych združení na Slovensku  |g Roč. 44, č. 8 (1970), s. 186 
954 |a odborná, vedecká literatúra pôvodná (slovenská)  |2 lita 
958 |a OND 
958 |a EUIPO 
958 |a article3 
999 |c 1908137  |d 1910067